000 01133cab a2200265 4500
001 L130556
008 050811n2005 000 0 eng u
035 _a(Sirsi) u130556
041 _aeng
100 _aFerris, Jonathan
245 _aRent recovery
260 _c2005
490 _aSolicitors' Journal
_v149(29) 22 July 2005, 878-879(2)
520 _aSuggests that landlords of commercial property can avoid the delays associated with litigation to recover rent by using their right to levy distress or forfeit the lease by peaceable re-entry. Considers the procedure for, and exceptions to, levying distress and how to forfeit a lease. Case law.
590 _aIKA160805
650 _aELLER V GROVECREST INVESTMENTS LTD 1994
650 _aTSB BANK PLC V BOTHAM
650 _aHARVEY V BRIDGES
650 _aMURGATROYD V SILKSTONE AND DODWORTH COAL AND IRON CO LTD
650 _aRE PALMIERO
650 _aSOMERS MEWS INVESTMENTS V MILLER
650 _aSILVERMAN V AFCO (UK)
690 _aPROPERTY-COMMERCIAL PROPERTY-COMMERCIAL LANDLORD AND TENANT-BUSINESS TENANCIES-FORFEITURE OF BUSINESS TENANCIES
942 _n0
999 _c75697
_d75697